Statistics for Unique flag's

Click here to take the quiz!

General Stats

  • This quiz has been taken 17 times
  • The average score is 8 of 15

Answer Stats

HintAnswer% Correct
The only flag that is not rectangularNepal
100%
Almost identical to Indonesian FlagMonaco
93%
The only national flag to feature an assault rifleMozambique
86%
Only flag with a tree on itLebanon
79%
Almost identical to Romanian FlagChad
71%
Falg with writing that translates to “There is no God but Allah and Muhammad is his Prophet.”Saudi Arabia
71%
Only flag with a human on itBelize
64%
Country that used to have a plain green flagLibya
64%
Only national flag with a buildingCambodia
43%
Oldest continually used flagDenmark
43%
Longest flagQatar
36%
The only flag that features purpleDominica
21%
Flag that changes its colour during time of warPhilippines
21%
Only double sided flagParaguay
14%
Teacher who won a competition for best flagAntigua and Barbuda
7%

Score Distribution

Percentile by Number Answered

Percent of People with Each Score

Your Score History

You have not taken this quiz